000 00665nam a22002417a 4500
003 UA-OsUOA
001 27844
007 ta
008 20040915b un ||||| |||| 00| 0 ukr d
090 _a792.01
_bТ29
942 _cBK
040 _aUA-OsUOA
_bukr
_cUA-OsUOA
_dUA-OsUOA
245 _aТеатральна культура
_bРеспубліканський міжвідомчий науковий збірник
_cРед. Л. Я.Пилипчук
300 _a105 с.
955 _a0
041 _aukr
080 _a792.01
260 _aКиїв
_bМистецтво
_c1987
246 3 1 _aВип. 13
_n
044 _aUA
650 7 _2UDC
999 _c314196
_d314196